[Event "46th GRE-chT Premier 2018"]
[Site "Rio Achaia"]
[Date "2018.07.12"]
[Round "4"]
[White "Apostolakaki, Evangelia"]
[Black "Patriki, Alexandra"]
[Result "0-1"]
[WhiteElo "1376"]
[BlackElo "1355"]
[Annotator "NA"]
[PlyCount "70"]
[EventDate "2018.07.10"]
[EventType "team-tourn"]
[EventCountry "GRE"]
[SourceTitle "playchess.com"]
[Source "ChessBase"]
[SourceQuality "1"]
[TimeControl "40/5400+30:1800+30"]

1. d4 {[%emt 0:00:00]} Nf6 {[%emt 0:00:00]} 2. Nf3 {[%emt 0:00:00]} c5 {[%emt 0:00:00]} 3. e3 {[%emt 0:00:00]} e6 {[%emt 0:00:00]} 4. c4 {[%emt 0:00:17]} d5 {[%emt 0:00:20]} 5. a3 {[%emt 0:00:06]} Nc6 {[%emt 0:03:13]} 6. dxc5 {[%emt 0:00:26]} Bxc5 {[%emt 0:00:24]} 7. b4 {[%emt 0:00:06]} Bb6 {[%emt 0:01:07]} 8. Bb2 {[%emt 0:00:28]} O-O {[%emt 0:05:31]} 9. Nbd2 {[%emt 0:01:14]} Bc7 {[%emt 0:01:48]} 10. Be2 {[%emt 0:01:41]} dxc4 {[%emt 0:01:06]} 11. Nxc4 {[%emt 0:01:16]} Qe7 {[%emt 0:00:41]} 12. Qc2 {[%emt 0:01:37]} b6 {[%emt 0:10:45]} 13. O-O {[%emt 0:04:43]} Bb7 {[%emt 0:01:27]} 14. Bd3 {[%emt 0:03:56]} h6 {[%emt 0:09:07]} 15. Rfd1 {[%emt 0:04:08]} Rfd8 {[%emt 0:06:34]} 16. b5 {[%emt 0:05:40]} Na5 {[%emt 0:05:25]} 17. Nxa5 {[%emt 0:02:06]} bxa5 {[%emt 0:00:25]} 18. Bxf6 {[%emt 0:01:10]} gxf6 {[%emt 0:00:10]} 19. Qe2 {[%emt 0:04:06]} Kh8 {[%emt 0:15:46]} 20. Nd4 {[%emt 0:03:18]} Rg8 {[%emt 0:19:40]} 21. Nc6 {[%emt 0:05:58]} Qf8 {[%emt 0:00:53]} 22. Be4 {[%emt 0:01:31]} a6 {[%emt 0:12:53]} 23. a4 {[%emt 0:02:48]} axb5 {[%emt 0:01:26]} 24. axb5 {[%emt 0:00:07]} Bd6 {[%emt 0:01:36]} 25. Bf3 {[%emt 0:06:12]} Rg5 {[%emt 0:01:35]} 26. Nxa5 {[%emt 0:04:53]} Bxf3 {[%emt 0:00:13]} 27. Qxf3 {[%emt 0:00:10]} Be5 {[%emt 0:00:16]} 28. Ra4 {[%emt 0:05:48]} Bc3 {[%emt 0:00:44]} 29. Rc4 {[%emt 0:11:26]} Bxa5 {[%emt 0:00:52]} 30. Qxf6+ {[%emt 0:00:11]} Qg7 {[%emt 0:00:20]} 31. Qxg7+ {[%emt 0:00:22]} Kxg7 {[%emt 0:00:21]} 32. Rb1 {[%emt 0:00:07]} Rb8 {[%emt 0:00:23]} 33. b6 {[%emt 0:00:31]} Rxb6 {[%emt 0:00:15]} 34. Ra1 {[%emt 0:00:33]} Rgb5 {[%emt 0:00:27]} 35. Rcc1 {[%emt 0:00:45]} Bb4 0-1

[Event "46th GRE-chT Premier 2018"]
[Site "Rio Achaia"]
[Date "2018.07.12"]
[Round "4"]
[White "Kazakos, Nikolaos"]
[Black "Gkaripis, Marios Ilias"]
[Result "0-1"]
[WhiteElo "1375"]
[BlackElo "1374"]
[Annotator "NA"]
[PlyCount "150"]
[EventDate "2018.07.10"]
[EventType "team-tourn"]
[EventCountry "GRE"]
[SourceTitle "playchess.com"]
[Source "ChessBase"]
[SourceQuality "1"]
[TimeControl "40/5400+30:1800+30"]

1. e4 {[%emt 0:00:00]} c6 {[%emt 0:00:00]} 2. d4 {[%emt 0:00:00]} d5 {[%emt 0:00:00]} 3. Nc3 {[%emt 0:00:04]} dxe4 {[%emt 0:00:12]} 4. Nxe4 {[%emt 0:00:06]} Bf5 {[%emt 0:00:17]} 5. Ng3 {[%emt 0:00:00]} Bg6 {[%emt 0:00:00]} 6. Nh3 {[%emt 0:01:14]} h6 {[%emt 0:02:34]} 7. Nf4 {[%emt 0:00:56]} Bh7 {[%emt 0:00:57]} 8. c3 {[%emt 0:01:29]} e6 {[%emt 0:02:03]} 9. Bd3 Bxd3 {[%emt 0:01:10]} 10. Nxd3 {[%emt 0:04:49]} Bd6 {[%emt 0:03:03]} 11. Ne4 {[%emt 0:00:22]} Bc7 {[%emt 0:02:13]} 12. Qf3 {[%emt 0:02:36]} Nd7 {[%emt 0:04:08]} 13. Bf4 Ngf6 {[%emt 0:06:17]} 14. Nd6+ {[%emt 0:01:03]} Bxd6 {[%emt 0:01:28]} 15. Bxd6 {[%emt 0:00:06]} Nb6 {[%emt 0:01:45]} 16. Bg3 {[%emt 0:03:30]} O-O {[%emt 0:03:45]} 17. O-O {[%emt 0:00:32]} Nc4 {[%emt 0:02:59]} 18. Rad1 {[%emt 0:00:34]} Qd5 {[%emt 0:07:45]} 19. Qxd5 {[%emt 0:00:56]} Nxd5 20. Rfe1 Rfd8 {[%emt 0:07:16]} 21. Re2 {[%emt 0:03:37]} a5 22. h3 {[%emt 0:02:49]} a4 {[%emt 0:06:33]} 23. Nf4 {[%emt 0:01:07]} Nxf4 {[%emt 0:05:55]} 24. Bxf4 {[%emt 0:00:06]} Rd7 {[%emt 0:01:21]} 25. Rde1 {[%emt 0:04:36]} Ra6 {[%emt 0:02:55]} 26. Be3 {[%emt 0:03:49]} Nxe3 {[%emt 0:06:27]} 27. fxe3 {[%emt 0:00:16]} Rb6 {[%emt 0:00:36]} 28. Kf2 {[%emt 0:01:41]} Rd5 {[%emt 0:01:51]} 29. Kf3 {[%emt 0:01:30]} Rdb5 {[%emt 0:02:39]} 30. Rb1 {[%emt 0:00:48]} Kh7 {[%emt 0:00:46]} 31. Ke4 {[%emt 0:00:14]} Kg6 {[%emt 0:00:39]} 32. Rf2 {[%emt 0:00:12]} f6 {[%emt 0:01:58]} 33. Kd3 {[%emt 0:00:44]} Rf5 {[%emt 0:03:26]} 34. Rxf5 {[%emt 0:01:01]} Kxf5 {[%emt 0:01:16]} 35. Rf1+ {[%emt 0:00:07]} Kg5 {[%emt 0:00:43]} 36. Kc2 {[%emt 0:00:09]} Rb5 {[%emt 0:05:20]} 37. Rf4 {[%emt 0:00:46]} Kg6 {[%emt 0:01:14]} 38. c4 {[%emt 0:02:39]} Rg5 {[%emt 0:01:41]} 39. Rf2 {[%emt 0:00:00]} Rg3 {[%emt 0:00:00]} 40. Kd3 {[%emt 0:00:00]} f5 {[%emt 0:00:00]} 41. Ke2 {[%emt 0:04:14]} b6 {[%emt 0:13:37]} 42. Kd2 {[%emt 0:00:46]} Kg5 {[%emt 0:02:10]} 43. Ke2 {[%emt 0:00:28]} Kg6 {[%emt 0:00:42]} 44. Kd2 {[%emt 0:00:08]} Kg5 {[%emt 0:00:46]} 45. Ke2 {[%emt 0:00:29]} Kh5 {[%emt 0:02:56]} 46. Kd2 {[%emt 0:00:25]} g5 {[%emt 0:01:40]} 47. Re2 {[%emt 0:01:31]} g4 {[%emt 0:04:28]} 48. hxg4+ {[%emt 0:00:14]} Rxg4 {[%emt 0:02:15]} 49. Ke1 {[%emt 0:00:22]} Re4 {[%emt 0:01:54]} 50. Kf2 {[%emt 0:04:13]} Kg4 {[%emt 0:02:47]} 51. b3 {[%emt 0:02:15]} axb3 {[%emt 0:00:50]} 52. axb3 {[%emt 0:00:06]} f4 {[%emt 0:02:14]} 53. exf4 {[%emt 0:01:03]} Rxe2+ {[%emt 0:03:12]} 54. Kxe2 {[%emt 0:00:07]} Kxf4 {[%emt 0:00:13]} 55. Kd3 {[%emt 0:00:02]} h5 {[%emt 0:01:31]} 56. c5 {[%emt 0:01:29]} b5 {[%emt 0:01:37]} 57. Kc3 {[%emt 0:03:55]} Ke3 {[%emt 0:03:13]} 58. g3 {[%emt 0:00:30]} Ke4 {[%emt 0:00:57]} 59. Kb4 {[%emt 0:01:24]} Kxd4 {[%emt 0:00:32]} 60. Ka5 {[%emt 0:00:05]} Kxc5 {[%emt 0:00:32]} 61. b4+ {[%emt 0:00:09]} Kd5 {[%emt 0:00:27]} 62. Kb6 {[%emt 0:00:14]} e5 {[%emt 0:00:09]} 63. Kc7 {[%emt 0:00:09]} e4 {[%emt 0:00:17]} 64. Kd7 {[%emt 0:00:02]} e3 {[%emt 0:00:11]} 65. Ke7 {[%emt 0:00:05]} e2 {[%emt 0:00:15]} 66. Kd7 {[%emt 0:00:06]} e1=Q {[%emt 0:00:18]} 67. g4 {[%emt 0:00:04]} hxg4 {[%emt 0:00:19]} 68. Kc7 {[%emt 0:00:17]} c5 {[%emt 0:00:43]} 69. bxc5 {[%emt 0:00:09]} Kxc5 {[%emt 0:00:09]} 70. Kd7 {[%emt 0:00:06]} b4 {[%emt 0:00:12]} 71. Kc7 {[%emt 0:00:07]} b3 {[%emt 0:00:12]} 72. Kb7 {[%emt 0:00:04]} b2 {[%emt 0:00:23]} 73. Kc7 {[%emt 0:00:09]} b1=Q {[%emt 0:00:23]} 74. Kc8 {[%emt 0:00:08]} Qe8+ {[%emt 0:00:29]} 75. Kc7 {[%emt 0:00:16]} Qb6# {[%emt 0:00:07]} 0-1

[Event "46th GRE-chT Premier 2018"]
[Site "Rio Achaia"]
[Date "2018.07.12"]
[Round "4"]
[White "Liakos, Christos - Konstant"]
[Black "Tzachristas, Georgios"]
[Result "1-0"]
[WhiteElo "1370"]
[BlackElo "1191"]
[Annotator "NA"]
[PlyCount "51"]
[EventDate "2018.07.10"]
[EventType "team-tourn"]
[EventCountry "GRE"]
[SourceTitle "playchess.com"]
[Source "ChessBase"]
[SourceQuality "1"]
[TimeControl "40/5400+30:1800+30"]

1. e4 {[%emt 0:00:00]} d5 {[%emt 0:00:00]} 2. exd5 {[%emt 0:00:00]} Nf6 {[%emt 0:00:00]} 3. Nf3 {[%emt 0:00:00]} Nxd5 {[%emt 0:02:19]} 4. d4 {[%emt 0:00:42]} Bf5 {[%emt 0:01:24]} 5. Bd3 {[%emt 0:00:17]} Bxd3 {[%emt 0:05:32]} 6. Qxd3 {[%emt 0:00:09]} e6 {[%emt 0:01:02]} 7. O-O {[%emt 0:03:57]} Nc6 {[%emt 0:04:48]} 8. c4 {[%emt 0:02:28]} Nb6 {[%emt 0:02:06]} 9. Nc3 {[%emt 0:03:39]} Be7 {[%emt 0:04:23]} 10. Bf4 {[%emt 0:01:21]} O-O {[%emt 0:03:57]} 11. Rad1 {[%emt 0:01:39]} Bd6 {[%emt 0:24:41]} 12. Ng5 {[%emt 0:03:28]} g6 {[%emt 0:00:43]} 13. Qh3 {[%emt 0:00:59]} h5 {[%emt 0:00:33]} 14. Bc1 {[%emt 0:08:04]} Be7 {[%emt 0:04:31]} 15. Nce4 {[%emt 0:04:18]} Kg7 {[%emt 0:03:17]} 16. d5 {[%emt 0:09:37]} exd5 {[%emt 0:02:34]} 17. cxd5 {[%emt 0:00:38]} Ne5 {[%emt 0:05:19]} 18. f4 {[%emt 0:04:03]} Ned7 {[%emt 0:12:46]} 19. f5 {[%emt 0:01:56]} Bxg5 {[%emt 0:03:09]} 20. Nxg5 {[%emt 0:00:17]} Nc5 {[%emt 0:00:58]} 21. b4 {[%emt 0:02:49]} f6 {[%emt 0:06:24]} 22. bxc5 {[%emt 0:01:14]} fxg5 {[%emt 0:00:11]} 23. cxb6 {[%emt 0:00:18]} axb6 {[%emt 0:00:10]} 24. f6+ {[%emt 0:00:29]} Rxf6 {[%emt 0:00:41]} 25. Bb2 {[%emt 0:00:08]} Qe7 {[%emt 0:01:04]} 26. Bxf6+ 1-0

[Event "46th GRE-chT Premier 2018"]
[Site "Rio Achaia"]
[Date "2018.07.12"]
[Round "4"]
[White "Anthopoulou, Ioanna"]
[Black "Ilia, Anastasia"]
[Result "1/2-1/2"]
[WhiteElo "1359"]
[BlackElo "1348"]
[Annotator "NA"]
[PlyCount "76"]
[EventDate "2018.07.10"]
[EventType "team-tourn"]
[EventCountry "GRE"]
[SourceTitle "playchess.com"]
[Source "ChessBase"]
[SourceQuality "1"]
[TimeControl "40/5400+30:1800+30"]

1. e4 {[%emt 0:00:00]} d5 {[%emt 0:00:00]} 2. exd5 {[%emt 0:00:00]} Nf6 {[%emt 0:00:00]} 3. d4 {[%emt 0:00:06]} Nxd5 {[%emt 0:00:03]} 4. Nf3 {[%emt 0:00:09]} Bg4 {[%emt 0:00:08]} 5. Be2 {[%emt 0:00:21]} e6 {[%emt 0:00:21]} 6. c4 {[%emt 0:01:32]} Nb6 {[%emt 0:00:16]} 7. O-O {[%emt 0:07:27]} Be7 {[%emt 0:00:21]} 8. Qb3 {[%emt 0:02:26]} Qc8 {[%emt 0:10:19]} 9. Be3 {[%emt 0:03:14]} O-O {[%emt 0:11:10]} 10. Nbd2 {[%emt 0:01:47]} N8d7 {[%emt 0:01:37]} 11. Rfd1 {[%emt 0:07:31]} Nf6 {[%emt 0:06:12]} 12. Rac1 {[%emt 0:03:22]} Rd8 {[%emt 0:06:58]} 13. Qc2 {[%emt 0:02:09]} Bf5 {[%emt 0:01:36]} 14. Bd3 {[%emt 0:00:40]} Bxd3 {[%emt 0:00:20]} 15. Qxd3 {[%emt 0:00:37]} c5 {[%emt 0:09:23]} 16. Qc3 {[%emt 0:06:10]} Nbd7 {[%emt 0:06:52]} 17. h3 {[%emt 0:06:23]} cxd4 {[%emt 0:04:21]} 18. Nxd4 {[%emt 0:01:13]} Nc5 {[%emt 0:01:06]} 19. N4f3 {[%emt 0:04:12]} Nd3 {[%emt 0:03:41]} 20. Rb1 {[%emt 0:01:36]} Bb4 {[%emt 0:01:00]} 21. Qc2 {[%emt 0:02:33]} b5 {[%emt 0:02:08]} 22. b3 {[%emt 0:08:49]} e5 {[%emt 0:07:41]} 23. Ne1 {[%emt 0:03:36]} Nxe1 {[%emt 0:02:09]} 24. Rxe1 {[%emt 0:00:15]} bxc4 {[%emt 0:01:19]} 25. bxc4 {[%emt 0:00:49]} Nd5 {[%emt 0:00:48]} 26. Rbd1 {[%emt 0:07:14]} Nxe3 {[%emt 0:00:47]} 27. Rxe3 {[%emt 0:00:23]} Rxd2 {[%emt 0:03:05]} 28. Rxd2 {[%emt 0:00:23]} Bxd2 {[%emt 0:00:05]} 29. Qxd2 {[%emt 0:00:09]} Qxc4 {[%emt 0:00:32]} 30. Rxe5 {[%emt 0:00:18]} Qc7 {[%emt 0:02:09]} 31. Qe2 {[%emt 0:04:50]} Kf8 {[%emt 0:02:23]} 32. Qe4 {[%emt 0:06:59]} Rd8 {[%emt 0:00:15]} 33. Qb4+ {[%emt 0:02:19]} Kg8 {[%emt 0:00:38]} 34. Qe7 {[%emt 0:06:08]} Qxe7 {[%emt 0:03:58]} 35. Rxe7 {[%emt 0:00:11]} Ra8 {[%emt 0:00:03]} 36. a4 {[%emt 0:01:56]} a5 {[%emt 0:00:20]} 37. g4 {[%emt 0:01:33]} Kf8 {[%emt 0:00:08]} 38. Rb7 {[%emt 0:00:18]} g5 {[%emt 0:01:48]} 1/2-1/2

[Event "46th GRE-chT Premier 2018"]
[Site "Rio Achaia"]
[Date "2018.07.12"]
[Round "4"]
[White "Kyriakidis, Anastasios P"]
[Black "Apostolidis, Angelos"]
[Result "1-0"]
[WhiteElo "1352"]
[BlackElo "1117"]
[Annotator "NA"]
[PlyCount "131"]
[EventDate "2018.07.10"]
[EventType "team-tourn"]
[EventCountry "GRE"]
[SourceTitle "playchess.com"]
[Source "ChessBase"]
[SourceQuality "1"]
[TimeControl "40/5400+30:1800+30"]

1. d4 {[%emt 0:00:00]} d5 {[%emt 0:00:00]} 2. Bf4 {[%emt 0:00:00]} Bf5 {[%emt 0:00:28]} 3. e3 {[%emt 0:00:03]} e6 {[%emt 0:00:49]} 4. Nf3 {[%emt 0:00:42]} Nf6 {[%emt 0:00:25]} 5. Bd3 {[%emt 0:01:24]} Bg6 {[%emt 0:00:51]} 6. Ne5 {[%emt 0:00:43]} Nbd7 {[%emt 0:01:34]} 7. Nxg6 {[%emt 0:03:25]} hxg6 {[%emt 0:00:15]} 8. O-O {[%emt 0:00:07]} Nb6 {[%emt 0:02:06]} 9. Nd2 {[%emt 0:00:12]} Bd6 {[%emt 0:00:45]} 10. Bg3 {[%emt 0:07:57]} Bxg3 {[%emt 0:00:47]} 11. hxg3 {[%emt 0:00:04]} O-O {[%emt 0:05:00]} 12. c4 {[%emt 0:07:05]} c6 {[%emt 0:01:41]} 13. c5 {[%emt 0:00:31]} Nbd7 {[%emt 0:00:30]} 14. b4 {[%emt 0:00:35]} e5 {[%emt 0:07:31]} 15. b5 {[%emt 0:01:39]} exd4 {[%emt 0:12:44]} 16. exd4 {[%emt 0:00:11]} Re8 {[%emt 0:00:32]} 17. Rb1 {[%emt 0:05:18]} Re6 {[%emt 0:04:30]} 18. Qa4 {[%emt 0:05:03]} Qc8 {[%emt 0:04:19]} 19. Rfc1 {[%emt 0:04:11]} Re8 {[%emt 0:05:29]} 20. bxc6 {[%emt 0:08:08]} bxc6 {[%emt 0:03:30]} 21. Ba6 {[%emt 0:00:39]} Qc7 {[%emt 0:04:16]} 22. Rb7 {[%emt 0:01:12]} Qc8 {[%emt 0:00:14]} 23. Rcb1 {[%emt 0:05:35]} Qd8 {[%emt 0:06:01]} 24. Qxc6 {[%emt 0:00:19]} Rb8 {[%emt 0:05:47]} 25. Qa4 {[%emt 0:04:07]} Rxb7 {[%emt 0:01:05]} 26. Bxb7 {[%emt 0:00:07]} Qc7 {[%emt 0:01:22]} 27. Qxa7 {[%emt 0:00:43]} Rb8 {[%emt 0:00:55]} 28. c6 {[%emt 0:00:19]} Nf8 {[%emt 0:00:46]} 29. Qb6 {[%emt 0:01:16]} Ne8 {[%emt 0:01:39]} 30. Qxc7 {[%emt 0:00:43]} Nxc7 {[%emt 0:00:08]} 31. a4 {[%emt 0:00:02]} Nfe6 {[%emt 0:01:19]} 32. Nf3 {[%emt 0:09:39]} Nd8 {[%emt 0:01:20]} 33. Ne5 {[%emt 0:00:07]} Nxb7 {[%emt 0:00:51]} 34. Rxb7 {[%emt 0:00:08]} Rxb7 {[%emt 0:00:15]} 35. cxb7 {[%emt 0:00:06]} Na6 {[%emt 0:00:39]} 36. Nc6 {[%emt 0:00:02]} Kf8 {[%emt 0:00:26]} 37. b8=Q+ {[%emt 0:00:16]} Nxb8 {[%emt 0:02:31]} 38. Nxb8 {[%emt 0:00:07]} Ke7 {[%emt 0:00:15]} 39. Kf1 {[%emt 0:00:21]} Kd6 {[%emt 0:00:31]} 40. Ke2 {[%emt 0:00:00]} Kc7 {[%emt 0:00:00]} 41. Na6+ {[%emt 0:00:16]} Kb6 {[%emt 0:01:55]} 42. Nb4 {[%emt 0:00:05]} Ka5 {[%emt 0:00:45]} 43. Nxd5 {[%emt 0:00:06]} Kxa4 {[%emt 0:00:57]} 44. Ke3 {[%emt 0:00:18]} Kb5 {[%emt 0:00:17]} 45. Ke4 {[%emt 0:00:11]} Kc6 {[%emt 0:00:21]} 46. Ke5 {[%emt 0:00:39]} Kd7 {[%emt 0:00:42]} 47. Nb6+ {[%emt 0:00:10]} Ke7 {[%emt 0:02:15]} 48. d5 {[%emt 0:00:10]} Kd8 {[%emt 0:00:26]} 49. d6 {[%emt 0:00:25]} Ke8 {[%emt 0:00:14]} 50. d7+ {[%emt 0:00:29]} Ke7 {[%emt 0:01:00]} 51. Kd5 {[%emt 0:00:19]} g5 {[%emt 0:01:06]} 52. Kc6 {[%emt 0:00:16]} Kd8 {[%emt 0:01:00]} 53. g4 {[%emt 0:00:26]} g6 {[%emt 0:00:52]} 54. g3 {[%emt 0:00:31]} f6 {[%emt 0:00:39]} 55. f4 {[%emt 0:00:23]} f5 {[%emt 0:01:38]} 56. gxf5 {[%emt 0:00:11]} gxf4 {[%emt 0:00:40]} 57. gxf4 {[%emt 0:00:06]} gxf5 {[%emt 0:00:16]} 58. Nc4 {[%emt 0:00:13]} Ke7 {[%emt 0:00:18]} 59. Kc7 {[%emt 0:00:09]} Kf6 {[%emt 0:00:13]} 60. d8=Q+ {[%emt 0:00:08]} Kg6 {[%emt 0:00:38]} 61. Qg5+ {[%emt 0:00:12]} Kf7 {[%emt 0:01:50]} 62. Kd7 {[%emt 0:00:40]} Kf8 {[%emt 0:00:15]} 63. Qe7+ {[%emt 0:00:13]} Kg8 {[%emt 0:00:35]} 64. Ke6 {[%emt 0:00:08]} Kh8 {[%emt 0:00:21]} 65. Kf6 {[%emt 0:00:05]} Kg8 {[%emt 0:00:38]} 66. Qg7# {[%emt 0:00:01]} 1-0

[Event "46th GRE-chT Premier 2018"]
[Site "Rio Achaia"]
[Date "2018.07.12"]
[Round "4"]
[White "Kouta, Vasiliki"]
[Black "Salahidou, Reveka"]
[Result "0-1"]
[WhiteElo "1350"]
[BlackElo "1955"]
[Annotator "NA"]
[PlyCount "114"]
[EventDate "2018.07.10"]
[EventType "team-tourn"]
[EventCountry "GRE"]
[SourceTitle "playchess.com"]
[Source "ChessBase"]
[SourceQuality "1"]
[TimeControl "40/5400+30:1800+30"]

1. e4 {[%emt 0:00:00]} c5 {[%emt 0:00:00]} 2. Nf3 {[%emt 0:00:00]} e6 {[%emt 0:00:00]} 3. d4 {[%emt 0:00:36]} cxd4 {[%emt 0:00:00]} 4. Nxd4 {[%emt 0:00:08]} a6 {[%emt 0:00:00]} 5. Nc3 {[%emt 0:27:14]} b5 {[%emt 0:00:43]} 6. a3 {[%emt 0:00:19]} Qc7 {[%emt 0:00:03]} 7. Bd2 {[%emt 0:03:26]} Nf6 {[%emt 0:00:18]} 8. Bd3 {[%emt 0:02:28]} Bb7 {[%emt 0:00:26]} 9. Qe2 {[%emt 0:03:18]} Be7 {[%emt 0:00:37]} 10. O-O {[%emt 0:01:23]} d6 {[%emt 0:00:16]} 11. Nb3 {[%emt 0:17:00]} O-O {[%emt 0:04:16]} 12. Rad1 {[%emt 0:06:47]} Nbd7 {[%emt 0:04:06]} 13. f4 {[%emt 0:06:41]} Rac8 {[%emt 0:02:49]} 14. Kh1 {[%emt 0:02:37]} Rfe8 {[%emt 0:12:59]} 15. Qf2 {[%emt 0:03:04]} e5 {[%emt 0:15:57]} 16. f5 {[%emt 0:04:45]} Nc5 {[%emt 0:06:00]} 17. Nxc5 {[%emt 0:01:07]} dxc5 {[%emt 0:00:04]} 18. Rfe1 {[%emt 0:01:53]} c4 {[%emt 0:01:41]} 19. Bf1 {[%emt 0:00:20]} Bc5 {[%emt 0:05:13]} 20. Qg3 {[%emt 0:03:36]} Qb6 {[%emt 0:00:08]} 21. Be3 {[%emt 0:05:09]} Bd4 {[%emt 0:01:28]} 22. Bxd4 {[%emt 0:01:17]} exd4 {[%emt 0:00:06]} 23. e5 {[%emt 0:01:59]} dxc3 {[%emt 0:00:05]} 24. exf6 {[%emt 0:00:20]} Qxf6 {[%emt 0:00:24]} 25. Qxc3 {[%emt 0:01:53]} Qxf5 {[%emt 0:03:02]} 26. Qd2 {[%emt 0:01:57]} Be4 {[%emt 0:03:28]} 27. c3 {[%emt 0:01:40]} Rc6 {[%emt 0:03:21]} 28. Qd4 {[%emt 0:01:54]} Rce6 {[%emt 0:00:25]} 29. Kg1 {[%emt 0:00:46]} h6 {[%emt 0:00:34]} 30. Qf2 {[%emt 0:00:27]} Qg6 {[%emt 0:04:20]} 31. Qg3 {[%emt 0:00:49]} Qxg3 {[%emt 0:06:11]} 32. hxg3 {[%emt 0:00:02]} Bf5 {[%emt 0:03:08]} 33. Rxe6 {[%emt 0:00:33]} Rxe6 {[%emt 0:00:05]} 34. Kf2 {[%emt 0:00:28]} Bg4 {[%emt 0:00:07]} 35. Re1 {[%emt 0:00:32]} Rxe1 {[%emt 0:00:33]} 36. Kxe1 {[%emt 0:00:01]} Kf8 {[%emt 0:00:06]} 37. Kd2 {[%emt 0:00:23]} Ke7 {[%emt 0:00:11]} 38. Kc2 {[%emt 0:00:41]} Kd6 {[%emt 0:00:17]} 39. b3 {[%emt 0:00:33]} Kd5 {[%emt 0:01:47]} 40. bxc4+ {[%emt 0:00:00]} bxc4 {[%emt 0:00:00]} 41. Kd2 {[%emt 0:01:01]} f5 {[%emt 0:01:32]} 42. Ke3 {[%emt 0:02:58]} g5 {[%emt 0:00:11]} 43. Kf2 {[%emt 0:03:24]} Bd1 {[%emt 0:07:05]} 44. Ke3 {[%emt 0:00:50]} a5 {[%emt 0:02:24]} 45. Kd2 {[%emt 0:02:36]} Bg4 {[%emt 0:10:14]} 46. Ke3 {[%emt 0:01:32]} h5 {[%emt 0:00:10]} 47. Kf2 {[%emt 0:00:36]} f4 {[%emt 0:00:42]} 48. gxf4 {[%emt 0:04:24]} gxf4 {[%emt 0:00:06]} 49. g3 {[%emt 0:02:53]} fxg3+ {[%emt 0:01:47]} 50. Kxg3 {[%emt 0:00:06]} Kc5 {[%emt 0:01:42]} 51. Kh4 {[%emt 0:02:30]} Kb5 {[%emt 0:00:22]} 52. Kg5 {[%emt 0:01:14]} Be6 {[%emt 0:01:11]} 53. Kxh5 {[%emt 0:05:59]} Ka4 {[%emt 0:00:14]} 54. Bxc4 {[%emt 0:01:56]} Bxc4 {[%emt 0:00:09]} 55. Kg4 {[%emt 0:00:10]} Kxa3 {[%emt 0:00:11]} 56. Kf3 {[%emt 0:00:11]} Kb3 {[%emt 0:00:09]} 57. Kf2 {[%emt 0:01:15]} a4 {[%emt 0:00:05]} 0-1

[Event "46th GRE-chT Premier 2018"]
[Site "Rio Achaia"]
[Date "2018.07.12"]
[Round "4"]
[White "Vlachos, Georgios"]
[Black "Rousis, Chrysostomos"]
[Result "1/2-1/2"]
[WhiteElo "1334"]
[BlackElo "1483"]
[Annotator "NA"]
[PlyCount "50"]
[EventDate "2018.07.10"]
[EventType "team-tourn"]
[EventCountry "GRE"]
[SourceTitle "playchess.com"]
[Source "ChessBase"]
[SourceQuality "1"]
[TimeControl "40/5400+30:1800+30"]

1. e4 {[%emt 0:00:00]} c5 {[%emt 0:00:00]} 2. c3 {[%emt 0:00:06]} d5 {[%emt 0:00:00]} 3. exd5 {[%emt 0:00:08]} Qxd5 {[%emt 0:00:00]} 4. d4 {[%emt 0:00:12]} Nf6 {[%emt 0:00:05]} 5. Nf3 {[%emt 0:00:21]} Bg4 {[%emt 0:00:09]} 6. Be2 {[%emt 0:00:16]} e6 {[%emt 0:00:08]} 7. O-O {[%emt 0:00:25]} Bd6 {[%emt 0:01:14]} 8. Be3 {[%emt 0:01:06]} cxd4 {[%emt 0:00:07]} 9. cxd4 {[%emt 0:00:14]} O-O {[%emt 0:00:29]} 10. Nc3 {[%emt 0:00:29]} Qa5 {[%emt 0:00:20]} 11. Rc1 {[%emt 0:03:41]} Nc6 {[%emt 0:00:54]} 12. Qd2 {[%emt 0:06:26]} h6 {[%emt 0:03:40]} 13. Rfd1 {[%emt 0:04:21]} Nb4 {[%emt 0:10:56]} 14. a3 {[%emt 0:02:25]} Nbd5 {[%emt 0:00:48]} 15. Nxd5 {[%emt 0:00:50]} Qxd5 {[%emt 0:00:47]} 16. h3 {[%emt 0:12:05]} Bh5 {[%emt 0:03:15]} 17. Bc4 {[%emt 0:05:51]} Qf5 {[%emt 0:02:56]} 18. Be2 {[%emt 0:09:58]} g5 {[%emt 0:15:16]} 19. Qd3 {[%emt 0:13:42]} Qd5 {[%emt 0:05:59]} 20. Qc4 {[%emt 0:17:15]} Qf5 {[%emt 0:11:55]} 21. Qd3 {[%emt 0:01:20]} Qd5 {[%emt 0:02:10]} 22. Qc4 {[%emt 0:00:37]} Qf5 {[%emt 0:00:18]} 23. Qd3 {[%emt 0:00:27]} Qd5 {[%emt 0:00:31]} 24. Qc4 {[%emt 0:00:27]} Qf5 {[%emt 0:00:23]} 25. Qd3 {[%emt 0:00:12]} Qd5 {[%emt 0:10:05]} 1/2-1/2

[Event "46th GRE-chT Premier 2018"]
[Site "Rio Achaia"]
[Date "2018.07.12"]
[Round "4"]
[White "Tsouli, Rafailia"]
[Black "Moshou, Alexia"]
[Result "0-1"]
[WhiteElo "1327"]
[BlackElo "1582"]
[Annotator "NA"]
[PlyCount "80"]
[EventDate "2018.07.10"]
[EventType "team-tourn"]
[EventCountry "GRE"]
[SourceTitle "playchess.com"]
[Source "ChessBase"]
[SourceQuality "1"]
[TimeControl "40/5400+30:1800+30"]

1. d4 {[%emt 0:00:00]} Nf6 {[%emt 0:00:00]} 2. c4 {[%emt 0:00:00]} e6 {[%emt 0:00:00]} 3. Nf3 {[%emt 0:00:21]} Bb4+ {[%emt 0:00:00]} 4. Bd2 {[%emt 0:01:12]} Qe7 {[%emt 0:00:09]} 5. a3 {[%emt 0:02:49]} Bxd2+ {[%emt 0:00:56]} 6. Nbxd2 {[%emt 0:00:17]} d5 {[%emt 0:02:08]} 7. e3 {[%emt 0:03:11]} b6 {[%emt 0:00:34]} 8. Be2 {[%emt 0:05:17]} O-O {[%emt 0:00:57]} 9. O-O {[%emt 0:00:33]} Bb7 {[%emt 0:00:05]} 10. Re1 {[%emt 0:03:57]} Nbd7 {[%emt 0:00:17]} 11. Rc1 {[%emt 0:06:50]} c5 {[%emt 0:00:26]} 12. Nf1 {[%emt 0:05:39]} Rac8 {[%emt 0:00:53]} 13. Ng3 {[%emt 0:01:30]} Rfd8 {[%emt 0:03:54]} 14. Qb3 {[%emt 0:07:16]} dxc4 {[%emt 0:01:33]} 15. Rxc4 {[%emt 0:00:40]} Bd5 {[%emt 0:00:20]} 16. Qa4 {[%emt 0:05:24]} Bxc4 {[%emt 0:00:32]} 17. Bxc4 {[%emt 0:00:10]} cxd4 {[%emt 0:01:48]} 18. Nxd4 {[%emt 0:00:28]} Nc5 {[%emt 0:01:28]} 19. Qb5 {[%emt 0:05:59]} Qd7 {[%emt 0:00:15]} 20. Qxd7 {[%emt 0:02:52]} Ncxd7 {[%emt 0:00:13]} 21. Ba6 {[%emt 0:05:30]} Rc7 {[%emt 0:00:28]} 22. Nge2 {[%emt 0:02:10]} Nc5 {[%emt 0:01:19]} 23. Bc4 {[%emt 0:01:54]} e5 {[%emt 0:00:22]} 24. Nb5 {[%emt 0:01:14]} Rcd7 {[%emt 0:00:14]} 25. Nbc3 {[%emt 0:00:53]} Rd2 {[%emt 0:00:34]} 26. b4 {[%emt 0:01:53]} Nce4 {[%emt 0:00:13]} 27. Bb5 {[%emt 0:02:49]} Rc2 {[%emt 0:01:52]} 28. Nxe4 {[%emt 0:01:59]} Nxe4 {[%emt 0:00:08]} 29. f3 {[%emt 0:04:24]} Nc3 {[%emt 0:00:13]} 30. Nxc3 {[%emt 0:01:15]} Rxc3 {[%emt 0:00:04]} 31. a4 {[%emt 0:01:26]} Rb3 {[%emt 0:00:10]} 32. Rc1 {[%emt 0:00:58]} Rxb4 {[%emt 0:00:05]} 33. Rc7 {[%emt 0:00:35]} Rb2 {[%emt 0:00:21]} 34. h3 {[%emt 0:00:47]} h5 {[%emt 0:00:34]} 35. Bc4 {[%emt 0:03:10]} Rd1+ {[%emt 0:05:19]} 36. Kh2 {[%emt 0:00:21]} h4 {[%emt 0:00:14]} 37. Rxf7 {[%emt 0:04:40]} Kh7 {[%emt 0:05:50]} 38. Rf5 {[%emt 0:07:15]} g6 {[%emt 0:00:07]} 39. Rxe5 {[%emt 0:01:57]} Rbb1 {[%emt 0:00:33]} 40. g4 {[%emt 0:00:00]} Rb2+ {[%emt 0:00:00]} 0-1